[Event "1st Prague Challengers"]
[Site "Prague CZE"]
[Date "2019.03.06"]
[Round "1.1"]
[White "Nguyen, Thai Dai Van"]
[Black "Ju, Wenjun"]
[Result "1/2-1/2"]
[WhiteTitle "GM"]
[BlackTitle "GM"]
[WhiteElo "2546"]
[BlackElo "2580"]
[WhiteFideId "358878"]
[BlackFideId "8603006"]
[EventDate "2019.03.06"]

1. e4 e5 2. Nf3 Nf6 3. Nxe5 d6 4. Nf3 Nxe4 5. Nc3 Nxc3 6. dxc3 Be7 7. Be3 O-O 8.
Qd2 Nd7 9. O-O-O c6 10. Bd3 d5 11. h4 Re8 12. Rde1 Bc5 13. Ng5 h6 14. Bh7+ Kf8
15. Bxc5+ Nxc5 16. Rxe8+ Qxe8 17. Re1 Qd8 18. Qe3 Ne6 19. Nxe6+ Bxe6 20. Qf4 Qf6
21. Qxf6 gxf6 22. Bd3 Ke7 23. c4 dxc4 24. Bxc4 f5 25. g3 Rd8 26. Bd3 Kf6 27. b3
b6 28. Re3 Rd4 29. c3 Rg4 30. f4 Rg8 31. c4 c5 32. Bf1 Rd8 33. Kc2 Rd7 34. Bg2
Rd8 35. Bf3 a5 36. Rd3 Rxd3 37. Kxd3 1/2-1/2

[Event "1st Prague Challengers"]
[Site "Prague CZE"]
[Date "2019.03.06"]
[Round "1.2"]
[White "Paravyan, David"]
[Black "Stocek, Jiri"]
[Result "1-0"]
[WhiteTitle "GM"]
[BlackTitle "GM"]
[WhiteElo "2627"]
[BlackElo "2592"]
[WhiteFideId "4194985"]
[BlackFideId "304760"]
[EventDate "2019.03.06"]

1. e4 c5 2. Nf3 d6 3. d4 cxd4 4. Nxd4 Nf6 5. Nc3 Nc6 6. Bg5 e6 7. Qd3 a6 8. Nxc6
bxc6 9. O-O-O Qa5 10. Qg3 Rb8 11. Bc4 h6 12. Be3 Nd7 13. Bb3 c5 14. Bf4 e5 15.
Bd2 Qc7 16. Nd5 Qb7 17. Ba5 c4 18. Nc7+ Ke7 19. Bxc4 Qxb2+ 20. Kd2 Qd4+ 21. Qd3
Qc5 22. Qd5 Qxf2+ 23. Kc3 1-0

[Event "1st Prague Challengers"]
[Site "Prague CZE"]
[Date "2019.03.06"]
[Round "1.3"]
[White "Praggnanandhaa, R"]
[Black "Bartel, Mateusz"]
[Result "0-1"]
[WhiteTitle "GM"]
[BlackTitle "GM"]
[WhiteElo "2532"]
[BlackElo "2600"]
[WhiteFideId "25059530"]
[BlackFideId "1112635"]
[EventDate "2019.03.06"]

1. e4 e5 2. Nf3 Nc6 3. Bb5 a6 4. Ba4 Nf6 5. d3 d6 6. c4 Be7 7. h3 O-O 8. O-O Nd4
9. Nxd4 exd4 10. Nd2 Rb8 11. f4 b5 12. Bb3 c5 13. e5 Ne8 14. Qh5 bxc4 15. Bxc4
d5 16. Bb3 g6 17. Qf3 Be6 18. f5 gxf5 19. Qe2 Kh8 20. Nf3 Rg8 21. Kh2 Rg6 22.
Bf4 Ng7 23. Nd2 Bg5 24. Rac1 Bxf4+ 25. Rxf4 Qg5 26. Rf2 Nh5 27. Qf3 Rbg8 28.
Rxc5 Qh4 29. Nf1 f4 30. Rfc2 Rg3 31. Nxg3 Rxg3 32. Qf1 f3 33. Bxd5 Bxd5 34. Rxd5
fxg2 0-1

[Event "1st Prague Challengers"]
[Site "Prague CZE"]
[Date "2019.03.06"]
[Round "1.4"]
[White "Shirov, Alexei"]
[Black "Anton Guijarro, David"]
[Result "0-1"]
[WhiteTitle "GM"]
[BlackTitle "GM"]
[WhiteElo "2667"]
[BlackElo "2643"]
[WhiteFideId "2209390"]
[BlackFideId "2285525"]
[EventDate "2019.03.06"]

1. e4 e5 2. Nf3 Nc6 3. Bb5 a6 4. Ba4 Nf6 5. d3 Bc5 6. c3 d6 7. O-O Ba7 8. Bg5 h6
9. Bh4 g5 10. Bg3 h5 11. h4 Nh7 12. Nbd2 g4 13. Ne1 Nf8 14. d4 exd4 15. Bxc6+
bxc6 16. cxd4 Ng6 17. Qa4 Bd7 18. e5 d5 19. f3 c5 20. Qa3 c4 21. Nc2 Bf5 22. Nb4
Bxd4+ 23. Kh2 Qd7 24. Nxa6 Ra7 25. Rad1 Qc8 26. Qa4+ Bd7 27. Qa5 Be6 28. Nxc4
Qxa6 29. Rxd4 Qxa5 30. Nxa5 Rxa5 0-1

[Event "1st Prague Challengers"]
[Site "Prague CZE"]
[Date "2019.03.06"]
[Round "1.5"]
[White "Krejci, Jan2"]
[Black "Michalik, Peter"]
[Result "0-1"]
[WhiteTitle "GM"]
[BlackTitle "GM"]
[WhiteElo "2570"]
[BlackElo "2565"]
[WhiteFideId "322156"]
[BlackFideId "14907526"]
[EventDate "2019.03.06"]

1. c4 e6 2. Nc3 d5 3. d4 Be7 4. Bf4 Nf6 5. e3 O-O 6. Rc1 b6 7. cxd5 Nxd5 8. Nxd5
Qxd5 9. a3 Qa5+ 10. Qd2 Qxd2+ 11. Kxd2 c5 12. Be2 Nc6 13. Bf3 Bd7 14. Ne2 Rac8
15. dxc5 Na5 16. Ke1 Nb3 17. Rd1 Nxc5 18. Nc3 Rfd8 19. Bd6 Kf8 20. h4 Bxd6 21.
Rxd6 Ke7 22. Rd2 Na4 23. Nd1 Rc1 24. h5 Nc5 25. Rh4 e5 26. Rb4 g5 27. hxg6 hxg6
28. Rd5 Rc2 29. Be4 Rc1 30. Bf3 Bf5 31. Rxd8 Kxd8 32. Be2 Be6 33. Kd2 Ra1 34.
Nc3 Nb3+ 35. Kc2 Rc1+ 36. Kd3 Rg1 37. g3 Rg2 38. Nd1 Nc5+ 39. Kd2 g5 40. Bf3 Rh2
41. a4 Kc7 42. a5 Nb3+ 43. Ke1 Nxa5 44. Nc3 Nb7 45. Bxb7 Kxb7 46. Ne4 Bd5 47.
Nxg5 f6 48. Ne4 a5 49. Nxf6 axb4 50. Nxd5 b3 51. Nf6 Rh8 52. g4 Rc8 53. Ne4 Rc2
54. g5 Rxb2 55. Nd2 Kc6 56. g6 Ra2 57. Nxb3 Kd5 58. g7 Ra8 0-1

[Event "1st Prague Challengers"]
[Site "Prague CZE"]
[Date "2019.03.07"]
[Round "2.1"]
[White "Anton Guijarro, David"]
[Black "Krejci, Jan2"]
[Result "1/2-1/2"]
[WhiteTitle "GM"]
[BlackTitle "GM"]
[WhiteElo "2643"]
[BlackElo "2570"]
[WhiteFideId "2285525"]
[BlackFideId "322156"]
[EventDate "2019.03.06"]

1. c4 e6 2. Nc3 d5 3. d4 Nf6 4. cxd5 Nxd5 5. e4 Nxc3 6. bxc3 c5 7. Nf3 cxd4 8.
cxd4 Bb4+ 9. Bd2 Bxd2+ 10. Qxd2 O-O 11. Bc4 b6 12. O-O Bb7 13. Rfe1 Nd7 14. Rad1
Rc8 15. Bb3 Qe7 16. d5 Nc5 17. d6 Qd8 18. e5 Bxf3 19. gxf3 Qd7 20. f4 f6 21. f5
Nxb3 22. axb3 fxe5 23. Rxe5 Rxf5 24. Rxf5 exf5 25. Re1 f4 26. Qxf4 Rf8 27. Qg3
Re8 28. Rc1 g6 29. Qf4 Qe6 30. Qd4 Qf5 31. h4 Re4 32. Rc8+ Qxc8 33. Qxe4 Qd7 34.
Qf4 a5 35. Qc4+ Kf8 36. Qd4 Kf7 37. Qxb6 Qg4+ 38. Kf1 Qd1+ 1/2-1/2

[Event "1st Prague Challengers"]
[Site "Prague CZE"]
[Date "2019.03.07"]
[Round "2.2"]
[White "Ju, Wenjun"]
[Black "Michalik, Peter"]
[Result "1-0"]
[WhiteTitle "GM"]
[BlackTitle "GM"]
[WhiteElo "2580"]
[BlackElo "2565"]
[WhiteFideId "8603006"]
[BlackFideId "14907526"]
[EventDate "2019.03.06"]

1. e4 c5 2. Nf3 Nc6 3. Bb5 g6 4. Bxc6 dxc6 5. d3 Bg7 6. h3 Nf6 7. Nc3 Nd7 8. Be3
e5 9. Qd2 h6 10. O-O Qe7 11. Nh2 Nf8 12. f4 exf4 13. Bxf4 g5 14. Bg3 Ng6 15. e5
Be6 16. Rae1 O-O-O 17. Nf3 Kb8 18. Ne4 Ka8 19. Qc3 Rd5 20. a3 g4 21. hxg4 Bxg4
22. Nf6 Bxf6 23. exf6 Qd7 24. Nh4 Nxh4 25. Re7 Qc8 26. Bxh4 Be6 27. Re1 Rf5 28.
R1xe6 fxe6 29. f7 e5 30. Qxc5 b6 31. Qd6 1-0

[Event "1st Prague Challengers"]
[Site "Prague CZE"]
[Date "2019.03.07"]
[Round "2.4"]
[White "Nguyen, Thai Dai Van"]
[Black "Paravyan, David"]
[Result "1-0"]
[WhiteTitle "GM"]
[BlackTitle "GM"]
[WhiteElo "2546"]
[BlackElo "2627"]
[WhiteFideId "358878"]
[BlackFideId "4194985"]
[EventDate "2019.03.06"]

1. e4 e5 2. Nf3 Nc6 3. Bb5 Nf6 4. d3 Bc5 5. O-O d6 6. c3 O-O 7. h3 a6 8. Bxc6
bxc6 9. d4 Bb6 10. Re1 exd4 11. cxd4 d5 12. e5 Ne4 13. Nc3 c5 14. Be3 Nxc3 15.
bxc3 c4 16. Qc2 Qd7 17. g4 Qe7 18. Ng5 g6 19. Nf3 f5 20. exf6 Qxf6 21. Ne5 Be6
22. Qd2 Rfe8 23. Re2 c6 24. Bg5 Qf8 25. Nxc6 Rac8 26. Ne5 Ba5 27. Rae1 Qa3 28.
Re3 Rb8 29. Nc6 Rb2 30. Qc1 Qxa2 31. Rf3 Bxc3 32. Qf4 Qa3 33. Rxe6 1-0

[Event "1st Prague Challengers"]
[Site "Prague CZE"]
[Date "2019.03.07"]
[Round "2.5"]
[White "Stocek, Jiri"]
[Black "Praggnanandhaa, R"]
[Result "1/2-1/2"]
[WhiteTitle "GM"]
[BlackTitle "GM"]
[WhiteElo "2592"]
[BlackElo "2532"]
[WhiteFideId "304760"]
[BlackFideId "25059530"]
[EventDate "2019.03.06"]

1. c4 e5 2. Nc3 Bb4 3. Nd5 Bc5 4. Nf3 c6 5. Nc3 d6 6. e3 Bb4 7. d4 e4 8. Nd2
Bxc3 9. bxc3 Nf6 10. Ba3 O-O 11. c5 d5 12. Be2 Re8 13. O-O b6 14. c4 Ba6 15.
cxb6 axb6 16. Qb3 Nbd7 17. Rfc1 dxc4 18. Nxc4 Re6 19. f4 c5 20. dxc5 Nxc5 21.
Bxc5 bxc5 22. a4 Rb8 23. Rd1 Qc7 24. Qc2 h5 25. a5 Rb4 26. h3 h4 27. Nb6 c4 28.
Qc3 Rb3 29. Qd4 Rc6 30. Rac1 Ra3 31. Qd8+ Qxd8 32. Rxd8+ Kh7 33. Nd7 Nxd7 34.
Rxd7 Rxe3 35. Kf2 Ra3 36. Rxf7 e3+ 37. Kf3 Rg6 38. g4 hxg3 39. f5 Rc6 40. Kxg3
Rxa5 41. Kf4 Rf6 42. Rxf6 gxf6 43. Rc3 Re5 44. Rxe3 Rxe3 45. Kxe3 Kh6 46. h4 Bc8
47. Bg4 Bxf5 48. Bxf5 Kh5 49. Kd4 Kxh4 50. Kxc4 Kg5 51. Bc2 f5 52. Bxf5 Kxf5 1/2-1/2

[Event "1st Prague Challengers"]
[Site "Prague CZE"]
[Date "2019.03.08"]
[Round "3.1"]
[White "Paravyan, David"]
[Black "Ju, Wenjun"]
[Result "0-1"]
[WhiteTitle "GM"]
[BlackTitle "GM"]
[WhiteElo "2627"]
[BlackElo "2580"]
[WhiteFideId "4194985"]
[BlackFideId "8603006"]
[EventDate "2019.03.06"]

1. e4 e5 2. Nf3 Nf6 3. Nxe5 d6 4. Nf3 Nxe4 5. d4 d5 6. Bd3 Bf5 7. O-O Be7 8. Re1
Nc6 9. c4 O-O 10. Nc3 Nxc3 11. bxc3 Bxd3 12. Qxd3 Re8 13. cxd5 Qxd5 14. Bf4 Bd6
15. Ng5 g6 16. Ne4 Re6 17. Qf3 Kg7 18. Nxd6 Qxf3 19. gxf3 cxd6 20. Rxe6 fxe6 21.
Bxd6 Rd8 22. Bg3 Rc8 23. c4 Rd8 24. Rb1 Rd7 25. Be5+ Nxe5 26. dxe5 g5 27. Kf1
Kg6 28. Ke2 Kf5 29. Rb5 b6 30. a4 Rc7 31. a5 Rc5 32. Rb1 Rxe5+ 33. Kf1 Rxa5 34.
Rd1 Ra4 35. Rd7 a5 36. Rc7 Ke5 37. c5 b5 38. Rxh7 Rc4 39. f4+ Kxf4 40. h4 a4 41.
c6 Rxc6 42. h5 Kg4 43. Kg2 Ra6 44. f3+ Kh4 0-1

[Event "1st Prague Challengers"]
[Site "Prague CZE"]
[Date "2019.03.08"]
[Round "3.2"]
[White "Praggnanandhaa, R"]
[Black "Nguyen, Thai Dai Van"]
[Result "1/2-1/2"]
[WhiteTitle "GM"]
[BlackTitle "GM"]
[WhiteElo "2532"]
[BlackElo "2546"]
[WhiteFideId "25059530"]
[BlackFideId "358878"]
[EventDate "2019.03.06"]

1. e4 e5 2. Nf3 Nf6 3. Nxe5 d6 4. Nf3 Nxe4 5. d4 d5 6. Bd3 Bf5 7. O-O Be7 8. Re1
O-O 9. c4 Nc6 10. cxd5 Qxd5 11. Nc3 Nxc3 12. bxc3 Bxd3 13. Qxd3 Rfe8 14. Bf4 Bd6
15. c4 Qh5 16. Bg3 b6 17. Bxd6 cxd6 18. Qa3 Qg6 19. Rxe8+ Rxe8 20. Qa4 Rc8 21.
d5 Na5 22. Qd7 Rf8 23. Qc7 Qf6 24. Re1 Qd8 25. Qxa7 Nxc4 26. Qa4 Ne5 27. Nxe5
dxe5 28. Rxe5 f6 29. Re6 Qxd5 30. Rxb6 Ra8 31. Ra6 Rd8 32. h4 Qd1+ 33. Kh2 Qxa4
34. Rxa4 h5 35. Ra5 Kf7 36. g3 Rd3 37. Kg2 Kg6 38. a4 Ra3 39. Ra8 Kf5 40. a5 Ra2
41. a6 Kg4 42. Ra7 Kf5 43. Kf1 Kg4 44. Kg2 Kf5 45. Kf3 g5 46. hxg5 fxg5 47. Ra8
Kg6 48. Ke4 Kg7 49. Kf3 Ra3+ 50. Kg2 Ra2 51. Kg1 Ra1+ 52. Kg2 Ra2 53. a7 g4 54.
Kf1 Ra1+ 55. Ke2 Ra3 56. Kd2 Ra2+ 57. Ke3 Kh7 58. Kf4 Rxf2+ 59. Kg5 Ra2 60. Kxh5
Ra4 1/2-1/2

[Event "1st Prague Challengers"]
[Site "Prague CZE"]
[Date "2019.03.08"]
[Round "3.3"]
[White "Michalik, Peter"]
[Black "Anton Guijarro, David"]
[Result "1-0"]
[WhiteTitle "GM"]
[BlackTitle "GM"]
[WhiteElo "2565"]
[BlackElo "2643"]
[WhiteFideId "14907526"]
[BlackFideId "2285525"]
[EventDate "2019.03.06"]

1. d4 Nf6 2. c4 e6 3. Nf3 d5 4. Nc3 dxc4 5. e4 b5 6. e5 Nd5 7. Nxb5 Nb6 8. Be2
Be7 9. O-O O-O 10. Qd2 Nc6 11. Qf4 Rb8 12. Nc3 Kh8 13. Rd1 Nb4 14. Qg4 N4d5 15.
Qh5 Bb7 16. Ng5 Bxg5 17. Bxg5 f6 18. Bd2 Nb4 19. Qh4 f5 20. Bg5 Qd7 21. Be7 a5
22. Bxf8 Rxf8 23. d5 exd5 24. Bxc4 Qe6 25. Bb3 c5 26. a3 Na6 27. Ne2 c4 28. Nf4
Qe8 29. Bc2 Nc5 30. Rd4 Kg8 31. Re1 Ne4 32. f3 Qxe5 33. Ne2 Nd6 34. Nc3 Qf6 35.
Qxf6 Rxf6 36. b3 Kf7 37. Kf2 g6 38. h4 Bc6 39. Rc1 Ke6 40. a4 Rf8 41. Re1+ Kd7
42. Red1 Rb8 43. Kg3 Re8 44. bxc4 Ndxc4 45. Bb3 Ne3 46. Rc1 Kd6 47. Rd3 Nd7 48.
Kf2 Nc5 49. Rxe3 Rxe3 50. Kxe3 d4+ 51. Ke2 Nxb3 52. Rb1 dxc3 53. Rxb3 c2 54. Kd2
Bxa4 55. Ra3 Bb5 56. Rxa5 Bf1 57. g3 Be2 58. Ra3 Kd5 59. Kxc2 Kd4 60. Kd2 Bc4
61. Ra7 Bd5 62. Ke2 f4 63. gxf4 Bc4+ 64. Kf2 h5 65. Rd7+ Kc5 66. f5 gxf5 67. Ke3 1-0

[Event "1st Prague Challengers"]
[Site "Prague CZE"]
[Date "2019.03.08"]
[Round "3.4"]
[White "Shirov, Alexei"]
[Black "Stocek, Jiri"]
[Result "0-1"]
[WhiteTitle "GM"]
[BlackTitle "GM"]
[WhiteElo "2667"]
[BlackElo "2592"]
[WhiteFideId "2209390"]
[BlackFideId "304760"]
[EventDate "2019.03.06"]

1. e4 e6 2. d4 d5 3. e5 c5 4. c3 Nc6 5. Nf3 Bd7 6. Be2 f6 7. O-O fxe5 8. dxe5
Nh6 9. c4 d4 10. b4 cxb4 11. Bd3 Nf7 12. Re1 Be7 13. Nbd2 Qc7 14. Nb3 O-O-O 15.
a3 Kb8 16. axb4 Nxb4 17. Nfxd4 Nxe5 18. Bf1 Rhf8 19. Be3 a6 20. Qh5 g6 21. Qe2
Ned3 22. Red1 e5 23. Nc2 e4 24. c5 Nd5 25. Bd4 Bf6 26. Qxe4 Bf5 27. Qf3 Ne5 28.
Bxe5 Bxe5 29. Ncd4 Bc2 30. Qh3 Bxd1 31. Rxd1 Bxd4 32. Nxd4 Qf4 33. Nf3 g5 34.
Rd4 Qc1 35. Qxh7 Ne3 36. Rxd8+ Rxd8 37. fxe3 Qxe3+ 38. Kh1 Rd1 39. Qh8+ Ka7 40.
Nd2 Qxd2 0-1

[Event "1st Prague Challengers"]
[Site "Prague CZE"]
[Date "2019.03.08"]
[Round "3.5"]
[White "Krejci, Jan2"]
[Black "Bartel, Mateusz"]
[Result "1-0"]
[WhiteTitle "GM"]
[BlackTitle "GM"]
[WhiteElo "2570"]
[BlackElo "2600"]
[WhiteFideId "322156"]
[BlackFideId "1112635"]
[EventDate "2019.03.06"]

1. d4 Nf6 2. c4 e6 3. g3 Bb4+ 4. Bd2 a5 5. Bg2 O-O 6. Nf3 b6 7. O-O Bb7 8. Nc3
Bxc3 9. Bxc3 Be4 10. e3 d6 11. Qe2 Nbd7 12. Rfd1 Qb8 13. Bf1 Qb7 14. Ne1 d5 15.
f3 Bg6 16. Rac1 c6 17. g4 Ne8 18. Ng2 Nd6 19. cxd5 exd5 20. Be1 Rfd8 21. Bg3 Nf8
22. Nf4 h6 23. e4 dxe4 24. Nxg6 Nxg6 25. fxe4 Ne8 26. Bg2 Nf6 27. d5 cxd5 28.
Rc7 Qa6 29. Qxa6 Rxa6 30. exd5 Nxg4 31. d6 N4e5 32. d7 Kf8 33. Be4 b5 34. Rd5 1-0

[Event "1st Prague Challengers"]
[Site "Prague CZE"]
[Date "2019.03.09"]
[Round "4.1"]
[White "Ju, Wenjun"]
[Black "Anton Guijarro, David"]
[Result "1/2-1/2"]
[WhiteTitle "GM"]
[BlackTitle "GM"]
[WhiteElo "2580"]
[BlackElo "2643"]
[WhiteFideId "8603006"]
[BlackFideId "2285525"]
[EventDate "2019.03.06"]

1. e4 e5 2. Nf3 Nc6 3. Bb5 a6 4. Ba4 d6 5. O-O Bd7 6. d4 exd4 7. Nxd4 b5 8. Nxc6
Bxc6 9. Bb3 Nf6 10. Nc3 Be7 11. Re1 O-O 12. Nd5 Nxd5 13. Bxd5 Qd7 14. c3 Bf6 15.
Bf4 Rfe8 16. Qd2 Rab8 17. a3 a5 18. Rad1 Bxd5 19. exd5 Qf5 20. h3 h5 21. Re3
Rxe3 22. Bxe3 g6 23. Qd3 Qxd3 24. Rxd3 Kg7 25. f4 h4 26. Kf2 Kf8 27. Kf3 Ke7 28.
Kg4 Rh8 29. f5 g5 30. Rd1 Rg8 31. Rf1 b4 32. axb4 axb4 33. cxb4 Bxb2 34. b5 f6
35. Rb1 Be5 36. b6 cxb6 37. Rxb6 Rc8 1/2-1/2

[Event "1st Prague Challengers"]
[Site "Prague CZE"]
[Date "2019.03.09"]
[Round "4.3"]
[White "Nguyen, Thai Dai Van"]
[Black "Shirov, Alexei"]
[Result "1/2-1/2"]
[WhiteTitle "GM"]
[BlackTitle "GM"]
[WhiteElo "2546"]
[BlackElo "2667"]
[WhiteFideId "358878"]
[BlackFideId "2209390"]
[EventDate "2019.03.06"]

1. e4 e5 2. Nf3 Nc6 3. Bb5 a6 4. Ba4 Nf6 5. O-O b5 6. Bb3 Bc5 7. a4 Rb8 8. c3 d6
9. d4 Bb6 10. a5 Ba7 11. h3 O-O 12. Be3 Ra8 13. Nbd2 h6 14. Qe2 exd4 15. cxd4
Re8 16. Rfd1 Qe7 17. d5 Nb4 18. Bxa7 Rxa7 19. Nd4 Bd7 20. Qe3 c5 21. dxc6 Nxc6
22. Rdc1 Ne5 23. Nf1 Rb7 24. Ng3 Nc4 25. Bxc4 bxc4 26. Ndf5 Bxf5 27. Nxf5 Qe5
28. Rxc4 Rxb2 29. Qg3 Qxg3 30. Nxg3 Re5 31. Rd4 Rbb5 32. Rxd6 Rxa5 33. Rxa5 Rxa5
34. f3 Nh5 35. Nxh5 Rxh5 36. Rxa6 Rb5 37. h4 g6 38. g4 Rb2 39. Ra5 Kg7 40. Rd5
Kf6 41. h5 g5 42. Rd6+ Kg7 43. Kf1 Ra2 44. Ke1 Rb2 45. Rd2 Rxd2 46. Kxd2 Kf6 47.
Kd3 Ke5 48. Ke3 f6 49. Ke2 Kf4 50. Kf2 Ke5 51. Ke3 Ke6 52. f4 gxf4+ 53. Kxf4 Ke7
54. e5 Ke6 55. exf6 Kxf6 56. g5+ hxg5+ 57. Kg4 Kg7 58. Kxg5 1/2-1/2

[Event "1st Prague Challengers"]
[Site "Prague CZE"]
[Date "2019.03.09"]
[Round "4.4"]
[White "Stocek, Jiri"]
[Black "Krejci, Jan2"]
[Result "1/2-1/2"]
[WhiteTitle "GM"]
[BlackTitle "GM"]
[WhiteElo "2592"]
[BlackElo "2570"]
[WhiteFideId "304760"]
[BlackFideId "322156"]
[EventDate "2019.03.06"]

1. d4 Nf6 2. Nf3 e6 3. c4 b6 4. Bg5 Bb7 5. Nc3 Bb4 6. e3 h6 7. Bh4 g5 8. Bg3 Ne4
9. Nd2 Bxc3 10. bxc3 Nxg3 11. hxg3 d6 12. Rh2 Nd7 13. Be2 c5 14. Bf3 Qc7 15. a4
a5 16. Rb1 O-O-O 17. Bxb7+ Qxb7 18. Qf3 f5 19. Ke2 Nf6 20. Qxb7+ Kxb7 21. f3 Kc6
22. e4 fxe4 23. Nxe4 Nxe4 24. fxe4 Rdf8 25. Rhh1 Rf6 26. Rhf1 Rhf8 27. Rxf6 Rxf6
28. Ke3 e5 29. d5+ Kc7 30. g4 Rf4 31. g3 Rf6 1/2-1/2

[Event "1st Prague Challengers"]
[Site "Prague CZE"]
[Date "2019.03.09"]
[Round "4.5"]
[White "Paravyan, David"]
[Black "Praggnanandhaa, R"]
[Result "1/2-1/2"]
[WhiteTitle "GM"]
[BlackTitle "GM"]
[WhiteElo "2627"]
[BlackElo "2532"]
[WhiteFideId "4194985"]
[BlackFideId "25059530"]
[EventDate "2019.03.06"]

1. c4 e5 2. Nc3 Bb4 3. Nd5 Bc5 4. b4 Bf8 5. Bb2 c6 6. Ne3 d6 7. g3 Nf6 8. Bg2
Ng4 9. Nxg4 Bxg4 10. d4 Nd7 11. h3 Bh5 12. Nf3 a5 13. b5 cxb5 14. dxe5 dxe5 15.
O-O bxc4 16. Qd5 f6 17. Qxc4 Bf7 18. Qe4 Nc5 19. Qe3 Be7 20. Rfd1 Qc8 21. Rac1
Ra6 22. g4 b6 23. g5 Qe6 24. Kh1 Ra7 25. gxf6 gxf6 26. Nh4 Rd7 27. f4 Rxd1+ 28.
Rxd1 e4 29. f5 Qxa2 30. Qf4 Bb3 31. Qb8+ Kf7 32. Qxh8 Bxd1 33. Qxh7+ Ke8 34. Ng6
Qf7 35. Qh8+ Kd7 36. Qb8 Bd8 37. Qa7+ Ke8 38. Qa8 Qb7 39. Qxb7 Nxb7 40. Bxe4 Nd6
41. Bc6+ Kf7 42. Bd5+ Ke8 43. Bc6+ Kf7 44. Bd5+ Ke8 45. Bc6+ 1/2-1/2

[Event "1st Prague Challengers"]
[Site "Prague CZE"]
[Date "2019.03.10"]
[Round "5.1"]
[White "Praggnanandhaa, R"]
[Black "Ju, Wenjun"]
[Result "1-0"]
[WhiteTitle "GM"]
[BlackTitle "GM"]
[WhiteElo "2532"]
[BlackElo "2580"]
[WhiteFideId "25059530"]
[BlackFideId "8603006"]
[EventDate "2019.03.06"]

1. e4 e5 2. Nf3 Nf6 3. Nxe5 d6 4. Nf3 Nxe4 5. Nc3 Nxc3 6. dxc3 Be7 7. Be3 O-O 8.
Qd2 Nd7 9. O-O-O c6 10. Kb1 Re8 11. Bd3 d5 12. h4 Bc5 13. Bf4 Nf6 14. Rde1 Ne4
15. Bxe4 dxe4 16. Rxe4 Be6 17. Qxd8 Raxd8 18. Be3 Bf8 19. b3 c5 20. Bf4 f6 21.
Rhe1 Kf7 22. c4 Bd7 23. Rxe8 Bxe8 24. Kc1 Bc6 25. Re3 h5 26. Ne1 Kg6 27. Bc7 Rc8
28. Bg3 Kf5 29. f3 g6 30. Kd1 b6 31. Nd3 Rd8 32. Ke2 g5 33. Kf2 Be8 34. hxg5
fxg5 35. Re5+ Kf6 36. Rd5 Be7 37. f4 Ke6 38. Re5+ Kd7 39. fxg5 Bg6 40. Rd5+ Kc8
41. Rxd8+ Bxd8 42. Bf4 h4 43. Kf3 Bf5 44. g3 hxg3 45. Kxg3 Kd7 46. Kh4 Ke8 47.
Kh5 Kf8 48. Kh6 Kg8 49. Bd6 Kf7 50. Nf4 Bxc2 51. g6+ Kg8 52. Nd5 Be4 53. Bf4
Bxd5 54. cxd5 Bf6 55. d6 Kf8 56. d7 Ke7 57. Bg5 1-0

[Event "1st Prague Challengers"]
[Site "Prague CZE"]
[Date "2019.03.10"]
[Round "5.2"]
[White "Michalik, Peter"]
[Black "Stocek, Jiri"]
[Result "1/2-1/2"]
[WhiteTitle "GM"]
[BlackTitle "GM"]
[WhiteElo "2565"]
[BlackElo "2592"]
[WhiteFideId "14907526"]
[BlackFideId "304760"]
[EventDate "2019.03.06"]

1. d4 Nf6 2. Nf3 e6 3. c4 b6 4. g3 Bb7 5. Bg2 Bb4+ 6. Bd2 a5 7. O-O O-O 8. Bf4
Be7 9. Nc3 Ne4 10. Nb5 c6 11. Nc3 Nxc3 12. bxc3 d5 13. Nd2 Nd7 14. Re1 g5 15.
Be3 f5 16. f3 Qe8 17. Bf2 Qf7 18. e4 Rae8 19. e5 Rc8 20. Rb1 Rc7 21. f4 Qe8 22.
Nf1 dxc4 23. Ne3 b5 24. a4 Nb6 25. axb5 cxb5 26. d5 gxf4 27. Nxf5 Rxf5 28. Bxb6
Bc5+ 29. Bxc5 Rxc5 30. Qd4 Rxd5 31. Bxd5 Bxd5 32. Rf1 f3 33. Qg4+ Kh8 34. Rbd1
Qf7 35. Rf2 Rxe5 36. Qd4 Qf6 37. Qb6 b4 38. cxb4 axb4 39. Qxb4 Re2 40. Qb6 Kg7
41. Rdf1 Re5 42. Qc7+ Kg6 43. Qc8 h5 44. h4 Kh6 45. Kh2 Re4 46. Rxf3 Re2+ 47.
Kh3 Bxf3 48. Rxf3 Qxf3 49. Qh8+ Kg6 50. Qh7+ Kf6 51. Qf7+ Kxf7 1/2-1/2

[Event "1st Prague Challengers"]
[Site "Prague CZE"]
[Date "2019.03.10"]
[Round "5.3"]
[White "Krejci, Jan2"]
[Black "Nguyen, Thai Dai Van"]
[Result "1-0"]
[WhiteTitle "GM"]
[BlackTitle "GM"]
[WhiteElo "2570"]
[BlackElo "2546"]
[WhiteFideId "322156"]
[BlackFideId "358878"]
[EventDate "2019.03.06"]

1. c4 Nf6 2. Nc3 e5 3. g3 d5 4. cxd5 Nxd5 5. Bg2 Nb6 6. d3 Be7 7. Be3 O-O 8. Rc1
Re8 9. Nf3 Nc6 10. O-O Bf8 11. Ne4 Nd4 12. Nxd4 exd4 13. Bg5 f6 14. Bd2 Be6 15.
a4 Nd5 16. Nc5 Bxc5 17. Rxc5 c6 18. b4 Rc8 19. Qa1 b6 20. Rc2 c5 21. bxc5 bxc5
22. Rfc1 Qd6 23. a5 Nb4 24. Rb2 Bg4 25. h3 Bf5 26. Bf4 Qd7 27. g4 Bg6 28. a6 Re6
29. Bb7 Rce8 30. Qa5 Rxe2 31. Rxe2 Rxe2 32. Qxc5 Nxd3 33. Bd5+ Bf7 34. Qc8+ Qe8
35. Bxf7+ Kxf7 36. Qc4+ 1-0

[Event "1st Prague Challengers"]
[Site "Prague CZE"]
[Date "2019.03.10"]
[Round "5.4"]
[White "Anton Guijarro, David"]
[Black "Bartel, Mateusz"]
[Result "1-0"]
[WhiteTitle "GM"]
[BlackTitle "GM"]
[WhiteElo "2643"]
[BlackElo "2600"]
[WhiteFideId "2285525"]
[BlackFideId "1112635"]
[EventDate "2019.03.06"]

1. c4 e5 2. Nc3 Bb4 3. Nd5 a5 4. a3 Be7 5. d4 d6 6. Nf3 e4 7. Nd2 c6 8. Nxe7
Qxe7 9. Nb1 h6 10. Bf4 Nf6 11. e3 O-O 12. Nc3 Rd8 13. Be2 Nbd7 14. b4 Nf8 15. c5
d5 16. b5 Ng6 17. Bg3 Bf5 18. bxc6 bxc6 19. Rb1 h5 20. Bxh5 Nxh5 21. Qxh5 Bc8
22. Rb6 Ra6 23. Rb8 Bb7 24. Rxd8+ Qxd8 25. O-O Ra8 26. Rb1 Ba6 27. Rb6 Qd7 28.
h3 Nf8 29. Qg4 Ne6 30. Be5 Bc8 31. Qg3 Kh7 32. Bd6 Bb7 33. Qh4+ Kg8 34. Qe7 Bc8
35. Qxd7 Bxd7 36. a4 Nd8 37. Rb8 Rxb8 38. Bxb8 Bc8 39. Bc7 Nb7 40. Na2 Kf8 41.
Nc1 Ke7 42. Nb3 Kd7 43. Bb6 Nd8 44. Bxd8 Kxd8 45. Nxa5 Kc7 46. Nb3 Ba6 47. Nd2
Bd3 48. Nf1 Bc2 49. a5 Kb7 50. Ng3 g6 51. h4 Bd1 52. h5 gxh5 53. Nf5 Ka6 54. Nh6
f6 55. Ng8 Kxa5 56. Nxf6 Kb4 57. Nd7 Kc3 58. Ne5 Ba4 59. f4 exf3 60. gxf3 1-0